Представление документа в формате RUSMARC

Поле Инд. ПП Название Значение
Тип записи a
Библиографический уровень a
001 Контрольный номер 4fa87dd230034ba8a5ef1878519d69d9
005 Дата корректировки 20200407131657.2
100 a Данные общей обработки 20180820 ||| 0rusy0189 ca
101 0_ a Язык текста rus
102 a Страна публикации RU
200 1_ f Первые сведения об ответственности Е.Н. Карабанова
a Заглавие Квалификация многообъектного преступления по мотиву и цели
210 d Дата издания 2018
461 _0 1 2000
a Российская юстиция
463 _0 1 2000
a №1
v С. 31-34
1 2101
d 2018
1 001b4a4a5d72a934f6287b98c679927e56e
606 a Основная рубрика Право. Юридические науки
x Основная подрубрика Уголовное право
610 0_ a Ключевые слова КВАЛИФИКАЦИЯ ПРЕСТУПЛЕНИЯ
a Ключевые слова ПРЕСТУПЛЕНИЕ МНОЖЕСТВЕННОСТЬ
700 _1 a Фамилия Карабанова
b Имя Е.Н.
801 _0 a Страна RU
b Организация РГУП
c Дата составления 20180820
g Правила каталогизации PSBO
801 _1 a Страна RU
b Организация РГУП
c Дата составления 20180820
g Правила каталогизации PSBO
901 t Тип документа b
w Контрольный № источника b4a4a5d72a934f6287b98c679927e56e
905 a Дата ввода 20180820